Normal view
MARC view
Entry Uniform Title
001 - CONTROL NUMBER
- control field: 43412
003 - CONTROL NUMBER IDENTIFIER
- control field: dpl
005 - DATE AND TIME OF LATEST TRANSACTION
- control field: 20120305120001.0
008 - FIXED-LENGTH DATA ELEMENTS
- fixed length control field: 120305|||a|||||| | ||| d
040 ## - CATALOGING SOURCE
- Original cataloging agency: dpl
- Transcribing agency: dpl
130 ## - HEADING--UNIFORM TITLE
- Uniform title: नेहरू बाल पुस्तकलय
670 ## - SOURCE DATA FOUND
- Source citation: Work cat.: (dpl)50494: रामेन्द्र कुमार 43411, कैक्टस /, 2010
670 ## - SOURCE DATA FOUND
- Source citation: Work cat.: (dpl)50494: रामेन्द्र कुमार 43411, कैक्टस /, 2010
